| 000 | 00573aam a2200217 4500 | ||
|---|---|---|---|
| 005 | 20160509133122.0 | ||
| 008 | 150902b xxu||||| |||| 00| 0 spa d | ||
| 041 | _aES | ||
| 082 |
_a658 _bG643s |
||
| 100 |
_aGonzález y Rueda, Porfirio Teodomiro _99246 |
||
| 245 | _aSimplificación del trabajo de oficina | ||
| 260 | _aMéxico | ||
| 260 | _bLimusa | ||
| 260 | _c1992 | ||
| 300 | _a121 páginas | ||
| 650 |
_aMANEJO DE LA OFICINA _99240 |
||
| 650 |
_aADMINISTRACION OFICINA _99247 |
||
| 650 |
_aSIMBOLOS _98432 |
||
| 650 |
_aSISTEMAS DE INFORMACION _912 |
||
| 942 | _cBK | ||
| 999 |
_c712 _d712 |
||